000 00942nem a2200229 i 4500
001 155040
003 ES-MaACL
005 20260209164147.0
008 040719s1886 gw a | | | ||ger d
040 _aCAM
_bspa
_cCAM
100 1 _aHabenicht, Hermann.
_9127745
245 1 0 _aSpezial-Karte von Afrika im Massstab von 1:4000000 (10 Blatt)
_b: Supplement-lieferung /
_centworfen von Hermann Habenicht ; bearbeiter von demselben Bruno Domann und Richard Lüddecke.
260 _aGotha :
_bJustus Perthes,
_c1886.
300 _a[2] p., 10, II h. dobles de lám., [34] p. ;
_c60 cm.
597 _aEnc. con el atlas [34] p. de texto a 27 cm. con explicaciones sobre los mapas.
650 7 _aAtlas
_2embne
_910407
651 7 _aÁfrica-
_vMapas
_2
_9137013
700 1 1 _aLüddecke, Richard,
_eadapt.
_9129264
700 1 _aDomann, Bruno
_c, adapt.
_9126816
852 _aES-MaACL
_jB-6999
_z-- Enc. hol.
999 _c155040
_d155040